La planificación del desarrollo agropecuario /
में बचाया:
| मुख्य लेखक: | |
|---|---|
| अन्य लेखक: | , , , , , , |
| स्वरूप: | मूलपाठ |
| प्रकाशित: |
México D.F.:
Gráfica Panamericana
|
| टैग: |
टैग जोड़ें
कोई टैग नहीं, इस रिकॉर्ड को टैग करने वाले पहले व्यक्ति बनें!
|
MARC
| LEADER | 00000 a a2200000 04500 | ||
|---|---|---|---|
| 001 | 22158 | ||
| 003 | |||
| 040 | |||
| 090 | |a 150100 | ||
| 100 | |a González Montero, Jesús | ||
| 245 | |a La planificación del desarrollo agropecuario / |c Jesús González Montero | ||
| 260 | |a México D.F.: |b Gráfica Panamericana | ||
| 300 | |a 2 vol. (334, 598 p.) | ||
| 300 | |b **no definido** |b il. |b fonodiscos |b escudos de armas | ||
| 700 | |a Pérez García, Antonio | ||
| 700 | |a León Delgado, Francisco | ||
| 700 | |a Olivares Díaz, José | ||
| 700 | |a Calderón Luna, Hernán | ||
| 700 | |a Astori Salamanca, Danilo | ||
| 700 | |a Figueroa Tomic, Sergio | ||
| 700 | |a Lee, Terence R. | ||
| 999 | |c 11626 |d 11626 | ||
